Pays de la zone euro sur une carte - Statistiques

Statistiques générales
  • Ce quiz a été pris 877 fois
    702 depuis la dernière actualisation
  • Le résultat moyen est 23 sur 26
Réponses sur la Carte
Les réponses sont colorées sur une échelle allant du rouge au vert en fonction du pourcentage des utilisateurs qui les ont devinées à leur premier essai. Vous pouvez retrouver ces pourcentages ci-dessous.
 
Statistiques - réponses
Date d'adoption Pays membre % Correct
1999 France
100%
1999 Allemagne
99%
1999 Espagne
99%
1999 Italie
99%
1999 Portugal
98%
1999 Belgique
97%
1999 Pays-Bas
97%
2001 Grèce
96%
1999 Luxembourg
96%
1999 Autriche
95%
1999 Irlande
95%
2023 Croatie
94%
2011 Estonie
94%
1999 Finlande
94%
2015 Lituanie
94%
2014 Lettonie
93%
2007 Slovénie
89%
2009 Slovaquie
88%
1999 Monaco
85%
1999 Vatican
84%
2008 Chypre
81%
1999 Saint-Marin
81%
2008 Malte
79%
(2002) Kosovo
77%
(2002) Monténégro
75%
(1999), 2012 Andorre
70%
Aucun quiz correspondant
Distribution des résultats
% des personnes avec chaque résultat
Percentile par nombre de réponses
Votre historique - résultats
Vous n’avez pas pris ce quiz depuis la dernière actualisation